<?xml version="1.0" encoding="UTF-8"?>
<record
    xmlns:xsi="http://www.w3.org/2001/XMLSchema-instance"
    xsi:schemaLocation="http://www.loc.gov/MARC21/slim http://www.loc.gov/standards/marcxml/schema/MARC21slim.xsd"
    xmlns="http://www.loc.gov/MARC21/slim">

  <leader>02061nam a2200301 a 4500</leader>
  <controlfield tag="001">000048215</controlfield>
  <controlfield tag="005">20240301073825.0</controlfield>
  <controlfield tag="008">181206s2016    dr ac         000 m spa d</controlfield>
  <datafield tag="020" ind1=" " ind2=" ">
    <subfield code="a">9789945423396</subfield>
  </datafield>
  <datafield tag="040" ind1=" " ind2=" ">
    <subfield code="a">DO-SdBNP</subfield>
    <subfield code="b">spa</subfield>
    <subfield code="c">BNPHU</subfield>
  </datafield>
  <datafield tag="082" ind1=" " ind2=" ">
    <subfield code="a">xxxx</subfield>
    <subfield code="b">xxxx</subfield>
  </datafield>
  <datafield tag="245" ind1="0" ind2="4">
    <subfield code="a">Una mirada a la inmigraci&#xF3;n espa&#xF1;ola de 1939-40 en Santo Domingo :</subfield>
    <subfield code="b">disertaciones presentadas en la Univesidad APEC semanas de Espa&#xF1;a en la Rep&#xFA;blica Dominicana 2015 /</subfield>
    <subfield code="c">Jos&#xE9; del Castillo Pichardo ... [et al.] ; Presentaci&#xF3;n, Francisco D' Oleo ; Introducci&#xF3;n, Jaime Lacadena.</subfield>
  </datafield>
  <datafield tag="260" ind1=" " ind2=" ">
    <subfield code="a">Santo Domingo :</subfield>
    <subfield code="b">Universidad APEC,</subfield>
    <subfield code="c">2016.</subfield>
  </datafield>
  <datafield tag="300" ind1=" " ind2=" ">
    <subfield code="a">141 p. :</subfield>
    <subfield code="b">ii., retrs. ;</subfield>
    <subfield code="c">23 cm.</subfield>
  </datafield>
  <datafield tag="505" ind1="0" ind2=" ">
    <subfield code="a">Presentaci&#xF3;n, Francisco D' Oleo --</subfield>
    <subfield code="t">Introducci&#xF3;n, Jaime Lacadena --</subfield>
    <subfield code="t">Impacto de la inmigraci&#xF3;n espa&#xF1;ola de 1939-40 en la sociedad dominicana --</subfield>
    <subfield code="r">Jos&#xE9; del Castillo Pichardo --</subfield>
    <subfield code="t">El exilio republicano en Santo Domingo y sus aportes /</subfield>
    <subfield code="r">Natalia Gonz&#xE1;lez Tejera --</subfield>
    <subfield code="t">En tierras extra&#xF1;as. El arribo y adaptaci&#xF3;n de refugiados espa&#xF1;oles a Santo Domingo, 1939-1946 /</subfield>
    <subfield code="r">Bernardo Vega --</subfield>
    <subfield code="t">La migraci&#xF3;n espa&#xF1;ola de 1939 y su impacto sobre los dominicanos /</subfield>
    <subfield code="t">Una mirada a la influencia en el arte y el pensamiento social dominicano --</subfield>
    <subfield code="r">Laura Gil Fiallo --</subfield>
    <subfield code="t">Influencia espa&#xF1;ola en el arte dominicano /</subfield>
    <subfield code="r">Andr&#xE9;s L. Mateo --</subfield>
    <subfield code="t">&#xBF;Qu&#xE9; trajeron los intelectuales espa&#xF1;oles? /</subfield>
    <subfield code="r">Di&#xF3;genes C&#xE9;spedes --</subfield>
    <subfield code="t">Segundo Serrano Poncela: un enigma para siete ciudades /</subfield>
    <subfield code="t">Sobres los autores --</subfield>
  </datafield>
  <datafield tag="500" ind1=" " ind2=" ">
    <subfield code="a">Incluye referencias bibliogr&#xE1;ficas y notas al pie de las p&#xE1;ginas.</subfield>
  </datafield>
  <datafield tag="590" ind1=" " ind2=" ">
    <subfield code="a">Inventariado, 2019/LP</subfield>
  </datafield>
  <datafield tag="700" ind1="1" ind2=" ">
    <subfield code="a">D' Oleo, Francisco,</subfield>
    <subfield code="e">Present.</subfield>
    <subfield code="9">75655</subfield>
  </datafield>
  <datafield tag="700" ind1="1" ind2=" ">
    <subfield code="a">Lacadena, Jaime,</subfield>
    <subfield code="e">Introd.</subfield>
    <subfield code="9">75656</subfield>
  </datafield>
  <datafield tag="700" ind1="1" ind2=" ">
    <subfield code="a">Castillo Pichardo, Jos&#xE9; del</subfield>
    <subfield code="9">43246</subfield>
  </datafield>
  <datafield tag="700" ind1="1" ind2=" ">
    <subfield code="a">Gonz&#xE1;lez Tejera, Natalia</subfield>
    <subfield code="9">55788</subfield>
  </datafield>
  <datafield tag="700" ind1="1" ind2=" ">
    <subfield code="a">Gil Fiallo, Laura.</subfield>
    <subfield code="9">26642</subfield>
  </datafield>
  <datafield tag="700" ind1="1" ind2=" ">
    <subfield code="a">Mateo, Andr&#xE9;s L.,</subfield>
    <subfield code="d"> 1946-</subfield>
    <subfield code="9">776</subfield>
  </datafield>
  <datafield tag="700" ind1="1" ind2=" ">
    <subfield code="a">D' Oleo, Francisco,</subfield>
    <subfield code="e">Present.</subfield>
    <subfield code="9">75655</subfield>
  </datafield>
  <datafield tag="700" ind1="1" ind2=" ">
    <subfield code="a">Lacadena, Jaime,</subfield>
    <subfield code="e">Introd.</subfield>
    <subfield code="9">75656</subfield>
  </datafield>
  <datafield tag="700" ind1="1" ind2=" ">
    <subfield code="a">Vega, Bernardo,</subfield>
    <subfield code="d">1938 -</subfield>
    <subfield code="9">3222</subfield>
  </datafield>
  <datafield tag="700" ind1="1" ind2=" ">
    <subfield code="a">C&#xE9;spedes, Di&#xF3;genes,</subfield>
    <subfield code="d">1941-</subfield>
    <subfield code="9">20548</subfield>
  </datafield>
  <datafield tag="952" ind1=" " ind2=" ">
    <subfield code="0">0</subfield>
    <subfield code="1">0</subfield>
    <subfield code="5">4</subfield>
    <subfield code="7">0</subfield>
    <subfield code="8">DS</subfield>
    <subfield code="a">GR</subfield>
    <subfield code="b">GR</subfield>
    <subfield code="c">HD</subfield>
    <subfield code="d">2018-12-06</subfield>
    <subfield code="i">LF1</subfield>
    <subfield code="l">0</subfield>
    <subfield code="o">xxxx xxxx</subfield>
    <subfield code="p">48215-30</subfield>
    <subfield code="r">2020-06-25</subfield>
    <subfield code="t">e. 3</subfield>
    <subfield code="w">2020-06-25</subfield>
    <subfield code="y">LFDS</subfield>
    <subfield code="Z">Pr&#xE9;stamo en sala</subfield>
  </datafield>
  <datafield tag="952" ind1=" " ind2=" ">
    <subfield code="0">0</subfield>
    <subfield code="1">0</subfield>
    <subfield code="7">1</subfield>
    <subfield code="8">PD</subfield>
    <subfield code="a">PD</subfield>
    <subfield code="b">PD</subfield>
    <subfield code="c">HD</subfield>
    <subfield code="d">2018-12-06</subfield>
    <subfield code="i">LF1</subfield>
    <subfield code="l">0</subfield>
    <subfield code="o">xxxx xxxx</subfield>
    <subfield code="p">48215-10</subfield>
    <subfield code="r">2020-06-25</subfield>
    <subfield code="w">2020-06-25</subfield>
    <subfield code="y">LFPD</subfield>
    <subfield code="Z">No se presta</subfield>
  </datafield>
  <datafield tag="952" ind1=" " ind2=" ">
    <subfield code="0">0</subfield>
    <subfield code="1">0</subfield>
    <subfield code="7">1</subfield>
    <subfield code="8">PD</subfield>
    <subfield code="a">PD</subfield>
    <subfield code="b">PD</subfield>
    <subfield code="c">HD</subfield>
    <subfield code="d">2018-12-06</subfield>
    <subfield code="i">LF1</subfield>
    <subfield code="l">0</subfield>
    <subfield code="o">xxxx xxxx</subfield>
    <subfield code="p">48215-20</subfield>
    <subfield code="r">2020-06-25</subfield>
    <subfield code="t">e. 2</subfield>
    <subfield code="w">2020-06-25</subfield>
    <subfield code="y">LFPD</subfield>
    <subfield code="Z">No se presta</subfield>
  </datafield>
  <datafield tag="999" ind1=" " ind2=" ">
    <subfield code="c">47703</subfield>
    <subfield code="d">47703</subfield>
  </datafield>
</record>
